<?xml version="1.0" encoding="UTF-8"?>
<record
    xmlns:xsi="http://www.w3.org/2001/XMLSchema-instance"
    xsi:schemaLocation="http://www.loc.gov/MARC21/slim http://www.loc.gov/standards/marcxml/schema/MARC21slim.xsd"
    xmlns="http://www.loc.gov/MARC21/slim">

  <leader>00386nam a22001457a 4500</leader>
  <datafield tag="082" ind1=" " ind2=" ">
    <subfield code="a">530.2462</subfield>
    <subfield code="b">dun</subfield>
  </datafield>
  <datafield tag="100" ind1=" " ind2=" ">
    <subfield code="a">duncan, J.</subfield>
    <subfield code="9">39704</subfield>
  </datafield>
  <datafield tag="245" ind1=" " ind2=" ">
    <subfield code="a">A text book of physics</subfield>
    <subfield code="c">duncan, J.</subfield>
  </datafield>
  <datafield tag="250" ind1=" " ind2=" ">
    <subfield code="a">2nd ed.</subfield>
  </datafield>
  <datafield tag="260" ind1=" " ind2=" ">
    <subfield code="a">london</subfield>
    <subfield code="b">macmillan and company ltd</subfield>
    <subfield code="c">c1955</subfield>
  </datafield>
  <datafield tag="300" ind1=" " ind2=" ">
    <subfield code="a">v, 749</subfield>
    <subfield code="b">ill.</subfield>
    <subfield code="c">20cm</subfield>
  </datafield>
  <datafield tag="526" ind1=" " ind2=" ">
    <subfield code="a">0</subfield>
    <subfield code="b">0</subfield>
    <subfield code="c">0</subfield>
    <subfield code="d">530_246200000000000_DUN</subfield>
  </datafield>
  <datafield tag="650" ind1=" " ind2=" ">
    <subfield code="a">mce</subfield>
    <subfield code="9">379</subfield>
  </datafield>
  <datafield tag="942" ind1=" " ind2=" ">
    <subfield code="2">ddc</subfield>
    <subfield code="c">BK</subfield>
  </datafield>
  <datafield tag="999" ind1=" " ind2=" ">
    <subfield code="c">544296</subfield>
    <subfield code="d">544296</subfield>
  </datafield>
  <datafield tag="952" ind1=" " ind2=" ">
    <subfield code="0">0</subfield>
    <subfield code="1">0</subfield>
    <subfield code="2">ddc</subfield>
    <subfield code="4">0</subfield>
    <subfield code="7">0</subfield>
    <subfield code="a">MCE</subfield>
    <subfield code="b">MCE</subfield>
    <subfield code="d">2014-04-16</subfield>
    <subfield code="l">1</subfield>
    <subfield code="o">530.2462 dun</subfield>
    <subfield code="p">MCE-532</subfield>
    <subfield code="r">2014-05-14</subfield>
    <subfield code="s">2014-05-14</subfield>
    <subfield code="w">2014-04-16</subfield>
    <subfield code="y">BK</subfield>
  </datafield>
</record>
